| 000 | 00505nam a22001097a 4500 | ||
|---|---|---|---|
| 008 | 160520b xxu||||| |||| 00| 0 eng d | ||
| 082 |
_aHV640.5 _bNAD-Q 2015 |
||
| 245 |
_aThe USA Canada and The quid-i-Azam Muhammad Ali Jinah _bA collection of the vnews, views and comments appeared in the north American print media on the demise of the quid-i-azam muhammad ali jinah _cComplied & edited by Dr. Nadeem Shafiq malik |
||
| 260 |
_aLahore: _bfiction House; _cc2015. |
||
| 300 |
_a187p: _b24cm; |
||
| 942 |
_2ddc _cBK |
||
| 999 |
_c356099 _d356099 |
||